| 000 | 00545nam a2200181Ia 4500 | ||
|---|---|---|---|
| 999 |
_c21535 _d21535 |
||
| 003 | OSt | ||
| 005 | 20231204114914.0 | ||
| 008 | 190216s9999||||xx |||||||||||||| ||und|| | ||
| 020 | _a9780195641493 | ||
| 040 | _coclc | ||
| 082 |
_a954.035 _bBOS/I |
||
| 100 | 1 |
_aBose, Subhas Chandra, _d1897-1945 _93199 |
|
| 245 | 4 |
_aThe Indian Struggle 1920-42 / _cSubhas Chandra Bose |
|
| 260 |
_bOxford University Press, _c2011. _aNew Delhi: |
||
| 300 | _a418p | ||
| 650 | _aHistory | ||
| 942 |
_cBK _2ddc _h954.035 _iBOS/I _k954.035 _mBOS/I |
||